000 00794nam a22002177a 4500
005 20240814174144.0
008 s2544 th tha d
020 _a9748790878
040 _aNALT
041 _atha
245 1 0 _aกฎหมายการตรวจสอบภาครัฐ
260 3 _aกรุงเทพฯ :
_bพอดี,
_c2544
300 _a232 หน้า :
_b ตาราง ;
_c 26 ซม.
650 0 4 _aอำนาจรัฐ -- การใช้
650 0 4 _aอำนาจบริหาร -- การตรวจสอบ
650 0 4 _aอำนาจรัฐ -- การตรวจสอบ
850 _aNALT
942 _cLB
_2lcc
999 _c18386
_d18386
998 _j25
_k นีลวัสน์ อินทรักษา
090 _aKE74 ส691ก 2544